000 00544nam a2200229Ia 4500
003 OSt
005 20220923230720.0
006 a|||||r|||| 00| 0
007 ta
008 Pun
020 _c10
024 _a305,027
037 _cTextual
040 _aARTS
_cARTS
_bPun
041 _2Pun
_aPun
082 _aU8.5'N5, 153M0
100 _aਧੀਰ, ਰਣਜੀਤ
245 0 _aਵਤਨੋ੍ਵ ਦੂਰ
260 _c1980
942 _hU8.5'N5, 153M0
_cTEXL
_2CC
999 _c386830
_d386830